Statistics for South Carolina interstates

Click here to take the quiz!

General Stats

  • This quiz has been taken 44 times
  • The average score is 6 of 10

Answer Stats

Answer% Correct
BL-85
87%
I-85
80%
I-95
77%
I-20
77%
I-26
70%
I-77
67%
I-385
47%
I-185
37%
I-126
33%
I-526
33%

Score Distribution

Percentile by Number Answered

Percent of People with Each Score

Your Score History

You have not taken this quiz